Wall effects : a comprehensive guide to decorating, disguising and transforming your walls

Bibliographic Details
Main Author: Ebben, Katie
Format: Book
Published: London : Conran Octopus Limited , 2003
Subjects:

MARC

LEADER 00000cam a2200000 7i4500
001 0000019120
005 20080617.0
008 080613
020 |a 1840914887 
090 0 0 |a 747.3   |b EBB 
100 1 |a Ebben, Katie 
245 1 0 |a Wall effects :   |b a comprehensive guide to decorating, disguising and transforming your walls   |c Katie Ebben 
260 |a London :   |b Conran Octopus Limited ,   |c 2003 
650 0 |a Interior wall   |x decoration 
999 |a 0001024469   |b Book   |c Adult Collection   |e Perbadanan Perpustakaan Awam Johor